Introducing Microsoft Expression Studio (Record no. 38494)
[ view plain ]
| 000 -LEADER | |
|---|---|
| fixed length control field | 01724nam a2200385 a 4500 |
| 082 04 - DEWEY DECIMAL CLASSIFICATION NUMBER | |
| Classification number | 006.786 |
| 100 1# - MAIN ENTRY--AUTHOR NAME | |
| Personal name | Holden, Greg. |
| 245 10 - TITLE STATEMENT | |
| Title | Introducing Microsoft Expression Studio |
| 260 ## - PUBLICATION, DISTRIBUTION, ETC. (IMPRINT) | |
| Place of publication | Boston, Mass. : |
| Name of publisher | Course Technology, |
| Year of publication | c2008. |
| 300 ## - PHYSICAL DESCRIPTION | |
| Number of Pages | xx, 524 p. : |
| Other physical details | ill. |
| 500 ## - GENERAL NOTE | |
| General note | Includes index. |
| 505 0# - FORMATTED CONTENTS NOTE | |
| Formatted contents note | pt. I. Exploring microsoft expression studio -- pt. II. Standards-based design with expression web -- pt. III. Professional graphics with expression design -- pt. IV. Creating user experiences with expression blend -- pt. V. Managing your image files with expression media -- pt. VI. Appendices. |
| 650 #0 - SUBJECT ADDED ENTRY--TOPICAL TERM | |
| Topical Term | Interactive multimedia |
| Topical Term | Graphic arts. |
| Topical Term | Web sites |
| Topical Term | Web sites |
| 856 40 - ELECTRONIC LOCATION AND ACCESS | |
| Uniform Resource Identifier | http://site.ebrary.com/lib/rucke/Doc?id=10228191 |
No items available.
